[Event "Challenge"]
[Site "http://www.queenalice.com/game.php?id=1311913"]
[Date "2014.10.1"]
[Round "-"]
[White "Rogerio11"]
[Black "Bira"]
[Result "0-1"]
[WhiteElo "1261"]
[BlackElo "1262"]

1. e4 e5 2. d3 d5 3. c4 dxc4 4. dxc4 Qxd1+ 5. Kxd1 Bd7 6. Nf3 Nc6 7. Nc3 O-O-O
8. Nb5 a6 9. Bg5 Be7 10. Bxe7 Ngxe7 11. Ng5 Be6+ 12. Ke2 Bxc4+ 13. Ke1 Bxb5 14.
Bxb5 axb5 15. Nxf7 Nd4 16. Rc1 Ng6 17. Nxh8 Rxh8 18. b4 Nh4 19. Rg1 Ne6 20. g3
Nf3+ 21. Kf1 Nxg1 22. Kxg1 b6 23. f4 exf4 24. gxf4 Nxf4 25. Rf1 Rf8 26. Rd1 Rd8
27. Rf1 g5 28. a3 Rd2 29. e5 Re2 30. Kh1 Rxe5 31. Kg1 h5 32. Rf2 Re1+ 33. Rf1
Re3 34. Kf2 Rxa3 35. Rb1 g4 36. Rg1 Nd3+ 37. Ke2 Nxb4 0-1

[Event "Challenge"]
[Site "http://www.queenalice.com/game.php?id=1312555"]
[Date "2014.10.4"]
[Round "-"]
[White "Rogerio11"]
[Black "AntoniusBlock"]
[Result "0-1"]
[WhiteElo "1097"]
[BlackElo "1325"]

1. e4 e5 2. d3 c5 3. Nf3 Nc6 4. c4 Qa5+ 5. Bd2 Nb4 6. a3 Nf6 7. Nxe5 Bd6 8. axb4
Qb6 9. f4 Bxe5 10. fxe5 Ng8 11. Nc3 Ne7 12. Qh5 O-O 13. Qg4 d6 14. Qf4 Ng6 15.
Nd5 Qd8 16. bxc5 Nxf4 17. Nxf4 dxe5 18. Nd5 Be6 19. Ba5 Qh4+ 20. Kd1 Bg4+ 21.
Kc2 Qf2+ 22. Kb3 b6 23. cxb6 axb6 0-1

[Event "Challenge"]
[Site "http://www.queenalice.com/game.php?id=1312559"]
[Date "2014.10.4"]
[Round "-"]
[White "Rogerio11"]
[Black "sunking1"]
[Result "0-1"]
[WhiteElo "1194"]
[BlackElo "1418"]

1. e4 e5 2. Bc4 Nf6 3. Nf3 h6 4. Nxe5 Rh7 5. Bxf7+ Ke7 6. Nc3 d6 7. Nd5+ Nxd5 8.
exd5 dxe5 9. Be6 Bxe6 10. O-O Bxd5 11. d3 Nc6 12. c4 Be6 13. b3 Ke8 14. Qh5+ Bf7
15. Qf5 Rh8 16. a4 Qe7 17. Re1 Be6 18. Qg6+ Qf7 19. Qg3 g5 20. h4 Qf6 21. hxg5
hxg5 22. Bxg5 Qf5 23. Re4 Bg7 24. Rae1 Rd8 25. f3 Rxd3 0-1

[Event "Challenge"]
[Site "http://www.queenalice.com/game.php?id=1315843"]
[Date "2014.10.16"]
[Round "-"]
[White "Rogerio11"]
[Black "RbSoft"]
[Result "0-1"]
[WhiteElo "1166"]
[BlackElo "1100"]

1. e4 e5 2. Bc4 Nf6 3. d3 Nc6 4. Nf3 Be7 5. O-O O-O 6. Nc3 d6 7. Nd5 Be6 8. Ng5
h6 9. c3 hxg5 10. g3 Bh3 11. Re1 Nxd5 0-1

[Event "Challenge"]
[Site "http://www.queenalice.com/game.php?id=1317131"]
[Date "2014.10.22"]
[Round "-"]
[White "Rogerio11"]
[Black "jamesxirb"]
[Result "0-1"]
[WhiteElo "1133"]
[BlackElo "1438"]

1. e4 e5 2. Bc4 Qe7 3. Nf3 c6 4. d3 b5 5. Bb3 a5 6. c4 a4 7. Bc2 d6 8. b3 f5 9.
exf5 Bxf5 10. Ng5 Qf6 11. Qh5+ g6 12. Qh4 h6 0-1